000 01516nam0a22003131 4500
001 rc\3669153
005 20250610093530.0
021 _aRU
_b[72-44039]
035 _a(NLR Aleph) 007840912
090 _a9804137
_c9804137
100 _a20130115d1972 |||y0rusy50 ca
101 0 _arus
102 _aRU
105 _aa z |||||
200 1 _aТехнология монтажа проводов линий электропередачи сверхвысоких напряжений
_e(Аналит. обзор)
_fМ-во энергетики и электрификации СССР. Главниипроект. Центр науч.-техн. информации по энергетике и электрификации "Информэнерго"
210 _aМосква
_cБ. и.
_d1972
215 _a34 с.
_cчерт.
_d22
225 1 _a[Из опыта энергетического строительства]
300 _aНа обл. авт. не указаны
320 _aСписок лит.: с. 33 (18 назв.)
606 _aЭлектрические провода
_xСоединения
_2psbo
606 _aЭлектрические линии передачи, высоковольтные
_xМонтаж
_2psbo
700 1 _aКаетанович
_bМ.М.
_gМихаил Михайлович
701 1 _aКрылов
_bС.В.
_gСергей Валентинович
801 0 _aRU
_bNLR
_gpsbo
801 1 _aRU
_bELAR
_2rusmarc
852 _aNLR
_j72-6/5332
942 _cBOOK
980 _aNB